[Event "Sangli op"]
[Site "Sangli"]
[Date "1999.??.??"]
[Round "8"]
[White "Prasad, Devaki V"]
[Black "Sharma, Hari OM"]
[Result "0-1"]
[WhiteElo "2435"]
[BlackElo "2225"]
[PlyCount "84"]
[EventDate "1999.??.??"]
[EventType "swiss"]
[EventRounds "11"]
[EventCountry "IND"]
[SourceTitle "EXT 2002"]
[Source "ChessBase"]
[SourceDate "2001.11.25"]
[SourceVersion "1"]
[SourceVersionDate "2001.11.25"]
[SourceQuality "1"]

1. e4 g6 2. d4 Bg7 3. Nc3 d6 4. f4 c6 5. Nf3 Bg4 6. Be3 Nd7 7. Be2 e6 8. 0-0 Ne7 9. Qd2 0-0 10. h3 Bxf3 11. Bxf3 d5 12. e5 Rc8 13. g4 a6 14. Ne2 f5 15. exf6 Bxf6 16. Rad1 Qc7 17. b3 Rce8 18. c4 Rf7 19. Bg2 Bg7 20. Rc1 Qd6 21. Kh1 Ref8 22. c5 Qc7 23. Qd3 g5 24. fxg5 Ng6 25. Bg1 e5 26. Rxf7 Rxf7 27. Rf1 Rxf1 28. Bxf1 exd4 29. b4 Nde5 30. Qf5 d3 31. Nd4 d2 32. Qc2 Qf7 33. Nf5 Nh4 34. Be2 Nxf5 35. gxf5 d4 36. f6 Qd5+ 37. Kh2 d3 38. Qxd2 dxe2 39. Qxe2 Nf3+ 40. Kg3 Nxg1 41. Qe3 Ne2+ 42. Kf2 Nd4 0-1

[Event "IND-chB 34th"]
[Site "Chennai"]
[Date "1996.??.??"]
[Round "12"]
[White "Sharma, Hari OM"]
[Black "Ganguly, Surya Shekhar"]
[Result "1/2-1/2"]
[WhiteElo "2215"]
[BlackElo "2265"]
[PlyCount "63"]
[EventDate "1996.??.??"]
[EventType "swiss"]
[EventRounds "12"]
[EventCountry "IND"]
[SourceTitle "EXT 2001"]
[Source "ChessBase"]
[SourceDate "2000.11.22"]
[SourceVersion "1"]
[SourceVersionDate "2000.11.22"]
[SourceQuality "1"]

1. d4 d5 2. Nf3 Nf6 3. g3 g6 4. Bg2 Bg7 5. 0-0 0-0 6. c4 dxc4 7. Nc3 c6 8. a4 Nd5 9. e4 Nxc3 10. bxc3 b5 11. e5 Be6 12. Bg5 Bd5 13. Qd2 Nd7 14. Rfb1 a6 15. Bh6 Nb6 16. axb5 axb5 17. Qf4 Qd7 18. Qh4 Bxh6 19. Qxh6 Bxf3 20. Bxf3 Rxa1 21. Rxa1 b4 22. cxb4 Qxd4 23. Re1 c3 24. Re4 Qd2 25. Qxd2 cxd2 26. Rd4 Rb8 27. Bxc6 Nc4 28. b5 Nxe5 29. Rxd2 Nxc6 30. bxc6 Rc8 31. Rd7 Rxc6 32. Rxe7 1/2-1/2